000 01279nam a2200313 a 4500
001 ebr10680921
003 CaPaEBR
006 m u
007 cr cn|||||||||
008 080404s2009 nyuad sb 001 0 eng d
010 _z 2008015735
020 _z9781604566888 (hardcover)
020 _z9781617283727 (e-book)
040 _aCaPaEBR
_cCaPaEBR
035 _a(OCoLC)662453114
050 1 4 _aTJ163.2
_b.C4827 2009eb
082 0 4 _a621.31
_222
245 0 0 _aDistributed multi-generation systems
_h[electronic resource] :
_benergy models and analyses /
_cPierluigi Mancarella, Gianfranco Chicco.
260 _aNew York :
_bNova Science Publishers,
_c2009.
300 _axxii, 264 p. :
_bill. (some col.)
504 _aIncludes bibliographical references and index.
533 _aElectronic reproduction.
_bPalo Alto, Calif. :
_cebrary,
_d2013.
_nAvailable via World Wide Web.
_nAccess may be limited to ebrary affiliated libraries.
650 0 _aEnergy facilities
_xMathematical models.
655 7 _aElectronic books.
_2local
700 1 _aChicco, Gianfranco.
700 1 _aMancarella, Pierluigi.
710 2 _aebrary, Inc.
856 4 0 _uhttp://site.ebrary.com/lib/rucke/Doc?id=10680921
_zAn electronic book accessible through the World Wide Web; click to view
999 _c156566
_d156566